FC Barcelona most G+A each season 2020's - Statistics

General Stats
  • This quiz has been taken 175 times
  • The average score is 8 of 12
Answer Stats
Season Answer % Correct
2019-20 - 58 Lionel Messi
98%
2020-21 - 52 Lionel Messi
98%
2019-20 - 33 Luis Suarez
92%
2022-23 - 41 Robert Lewandowski
90%
2022-23 - 21 Raphinha
77%
2019-20 - 19 Antoine Griezmann
70%
2020-21 - 33 Antoine Griezmann
70%
2021-22 - 15 Ousmane Dembele
68%
2022-23 - 17 Ousmane Dembele
68%
2021-22 - 15 Memphis Depay
55%
2020-21 - 20 Jordi Alba
25%
2021-22 - 15 Jordi Alba
25%
No matching quizzes found
Score Distribution
Percent of People with Each Score
Percentile by Number Answered
Your Score History
You have not taken this quiz